Kvalita manažerského potenciálu
Prieskum úrovne manažérov, zamestnancov a absolventov manažérskych fakúlt. Prieskum vykonaný na vzorke 154 slovenských podnikov. Z výsledkov prieskumu: v stredoeurópskom regióne sú slovenskí manažéri porovnateľní s inými, je potrebné rozvíjať úroveň vedomostí a schopností zamestnancov, encyklopedick...
Salvato in:
| Autore principale: | |
|---|---|
| Natura: | Capitolo di libro |
| Lingua: | ceco |
| Soggetti: | |
| Tags: |
Nessun Tag, puoi essere il primo ad aggiungerne!!
|
MARC
| LEADER | 00000naa$a2200000$$$4500 | ||
|---|---|---|---|
| 001 | 0054901 | ||
| 005 | 20250701124229.9 | ||
| 041 | 0 | |a cze | |
| 044 | |a CZ | ||
| 245 | 1 | 0 | |a Kvalita manažerského potenciálu |c Eliška Záležáková |
| 520 | |a Prieskum úrovne manažérov, zamestnancov a absolventov manažérskych fakúlt. Prieskum vykonaný na vzorke 154 slovenských podnikov. Z výsledkov prieskumu: v stredoeurópskom regióne sú slovenskí manažéri porovnateľní s inými, je potrebné rozvíjať úroveň vedomostí a schopností zamestnancov, encyklopedické znalosti absolventov, oddelená teória od praxe. | ||
| 610 | 2 | 0 | |a manažéri |
| 610 | 2 | 0 | |a zamestnanci |
| 610 | 2 | 0 | |a kapitál ľudský |
| 610 | 2 | 0 | |a kapitál intelektuálny |
| 610 | 2 | 0 | |a zdroje ľudské |
| 610 | 2 | 0 | |a absolventi |
| 610 | 2 | 0 | |a kvalita |
| 610 | 2 | 0 | |a vedomosti |
| 610 | 2 | 0 | |a schopnosti pracovné |
| 610 | 2 | 0 | |a výkony pracovné |
| 100 | 1 | |a Záležáková, Eliška | |